| 000 | 00377 a2200109 4500 | ||
|---|---|---|---|
| 001 | ART_14752 | ||
| 005 | 20260410161913.0 | ||
| 008 | 260409a | ||
| 245 | 1 | 0 | _aTesting the dynamic specification of an econometric model with an application to Belgian data |
| 100 | 1 | _aPalm, Franz | |
| 773 | 0 |
_tEuropean economic review _g- Vol. 8, NÂș 3 (oct. 1976) _wREV13346 |
|
| 999 |
_c27014 _d27014 |
||